[Event "Dinamarca ch 2007"]
[Site "Aalborg DEN"]
[Date "2007.04.05"]
[Round "6.2"]
[White "Schandorff, Lars"]
[Black "Hoi, Carsten"]
[Result "1/2-1/2"]
[WhiteElo "2536"]
[BlackElo "2418"]
[PlyCount "214"]
[EventDate "2007.03.31"]
[EventType "swiss"]
[EventRounds "9"]
[EventCountry "DEN"]
[Source "lmi"]
[SourceDate "2007.03.31"]

1. d4 Nf6 2. c4 g6 3. Nc3 Bg7 4. e4 d6 5. Nf3 O-O 6. h3 Qe8 7. g4 Na6 8. Bg5 c5
9. Bg2 h6 10. Be3 cxd4 11. Nxd4 Bd7 12. Qd2 Nc5 13. Nb3 Rd8 14. Nxc5 dxc5 15.
O-O-O b6 16. e5 Nh7 17. f4 Be6 18. Qe2 Rxd1+ 19. Rxd1 Qc8 20. Qd3 Qa6 21. Bd5
Bxd5 22. Qxd5 e6 23. Qe4 g5 24. Rd7 gxf4 25. Bxf4 Ng5 26. Qd3 Qc8 27. Rxa7 Rd8
28. Qe3 Qc6 29. Bxg5 Qh1+ 30. Kc2 Qg2+ 31. Qe2 Qxe2+ 32. Nxe2 hxg5 33. Rb7 Bxe5
34. Rxb6 Kg7 35. a4 Bf4 36. Nc3 Rd2+ 37. Kb3 Rh2 38. a5 Rxh3 39. a6 Rh8 40. a7
f5 41. gxf5 exf5 42. Nd5 Ra8 43. Rb7+ Kh6 44. Kc2 Bh2 45. Kd3 g4 46. Rf7 Kg6
47. Re7 f4 48. Nb6 Rd8+ 49. Rd7 Re8 50. a8=Q Rxa8 51. Nxa8 g3 52. Rd8 Kf7 53.
Ke4 g2 54. Rd1 g1=Q 55. Rxg1 Bxg1 56. Kxf4 Ke6 57. Ke4 Kd6 58. Nb6 Kc6 59. Nd5
Bh2 60. Kf5 Kd6 61. Nc3 Bg1 62. b3 Kc6 63. Ke6 Bf2 64. Nd5 Bg1 65. Ne7+ Kb6 66.
Kd5 Bf2 67. Nc6 Bg1 68. Ne5 Kc7 69. Nf3 Bf2 70. Nh2 Bg1 71. Nf1 Kb6 72. Nd2 Ka5
73. Ke4 Kb4 74. Kd3 Bf2 75. Kc2 Be3 76. Nf3 Ka5 77. Ne5 Kb6 78. Kd3 Bh6 79. Ke4
Ka5 80. Nd3 Kb6 81. Ne5 Ka5 82. Nc6+ Kb6 83. Kd5 Be3 84. Kd6 Bg1 85. Ne7 Kb7
86. Kd7 Bf2 87. Nc8 Bg1 88. Ne7 Kb6 89. Nd5+ Kb7 90. Kd6 Bf2 91. Nc3 Kb6 92.
Na4+ Ka5 93. Nxc5 Bg3+ 94. Kd5 Kb4 95. Ne4 Bf4 96. c5 Kxb3 97. c6 Bc7 98. Kc5
Ka4 99. Ng5 Ka5 100. Ne6 Bg3 101. Nd4 Ka6 102. Nb5 Bf2+ 103. Kd5 Kb6 104. c7
Kb7 105. Kd6 Bg3+ 106. Kd7 Bxc7 107. Nxc7 Kb6 1/2-1/2

[Event "Dinamarca ch 2007"]
[Site "Aalborg DEN"]
[Date "2007.04.05"]
[Round "6.4"]
[White "Rasmussen, Allan Stig"]
[Black "Hansen, Lars Bo"]
[Result "1/2-1/2"]
[WhiteElo "2389"]
[BlackElo "2575"]
[PlyCount "59"]
[EventDate "2007.03.31"]
[EventType "swiss"]
[EventRounds "9"]
[EventCountry "DEN"]
[Source "lmi"]
[SourceDate "2007.03.31"]

1. e4 c6 2. d4 d5 3. Nc3 dxe4 4. Nxe4 Bf5 5. Ng3 Bg6 6. h4 h6 7. Nf3 Nd7 8. h5
Bh7 9. Bd3 Bxd3 10. Qxd3 e6 11. Bf4 Bb4+ 12. c3 Be7 13. O-O-O Ngf6 14. Kb1 O-O
15. Ne5 Nxe5 16. Bxe5 Ng4 17. Qe2 Nxe5 18. dxe5 Qc7 19. f4 Rad8 20. Ne4 Rxd1+
21. Rxd1 Rd8 22. c4 Rxd1+ 23. Qxd1 Qb6 24. Qd2 Qg1+ 25. Kc2 Qf1 26. Nd6 Bh4 27.
Kb3 Bg3 28. Nxf7 Kxf7 29. Qd7+ Kf8 30. Qd8+ 1/2-1/2

[Event "Dinamarca ch 2007"]
[Site "Aalborg DEN"]
[Date "2007.04.05"]
[Round "6.5"]
[White "Rasmussen, Casper"]
[Black "Rasmussen, Karsten"]
[Result "0-1"]
[WhiteElo "2327"]
[BlackElo "2462"]
[PlyCount "84"]
[EventDate "2007.03.31"]
[EventType "swiss"]
[EventRounds "9"]
[EventCountry "DEN"]
[Source "lmi"]
[SourceDate "2007.03.31"]

1. Nf3 c5 2. e4 Nc6 3. d4 cxd4 4. Nxd4 Nf6 5. Nc3 d6 6. Bg5 e6 7. Qd2 Be7 8.
O-O-O O-O 9. Nb3 a6 10. Bxf6 gxf6 11. Qh6 Kh8 12. Qh5 Qe8 13. f4 Rg8 14. g4 b5
15. h4 b4 16. Ne2 e5 17. f5 a5 18. Kb1 a4 19. Nbc1 Ba6 20. g5 Qf8 21. Rg1 Bd8
22. Rg3 Na5 23. Ng1 Bxf1 24. Rxf1 Nc4 25. Qe2 Rc8 26. Nf3 d5 27. exd5 Qc5 28.
Nd3 Qxd5 29. Nxb4 Qb5 30. Qe1 e4 31. Nh2 e3 32. a3 Nd2+ 33. Ka1 Nxf1 34. Nxf1
e2 35. Ne3 Bb6 36. Ned5 Rge8 37. Rg2 Rcd8 38. gxf6 Ba5 39. Nc3 Bxb4 40. axb4
Qxb4 41. Rxe2 Rxe2 42. Qxe2 a3 0-1

[Event "Dinamarca ch 2007"]
[Site "Aalborg DEN"]
[Date "2007.04.05"]
[Round "6.6"]
[White "Glud, Jakob Vang"]
[Black "Pilgaard, Kim"]
[Result "1-0"]
[WhiteElo "2425"]
[BlackElo "2412"]
[PlyCount "75"]
[EventDate "2007.03.31"]
[EventType "swiss"]
[EventRounds "9"]
[EventCountry "DEN"]
[Source "lmi"]
[SourceDate "2007.03.31"]

1. d4 Nf6 2. Nf3 e6 3. c4 c5 4. g3 cxd4 5. Nxd4 Qb6 6. Bg2 Bc5 7. e3 Nc6 8. O-O
Bxd4 9. exd4 Qxd4 10. Qxd4 Nxd4 11. Nc3 O-O 12. Rd1 Nc6 13. b3 d5 14. cxd5 Nxd5
15. Nxd5 exd5 16. Rxd5 Rd8 17. Rxd8+ Nxd8 18. Be3 Be6 19. b4 a6 20. a4 Bd7 21.
Bb6 Bc6 22. Rd1 Ne6 23. Bxc6 bxc6 24. Rd6 Rc8 25. Rd7 Rb8 26. a5 Ra8 27. f4 g6
28. Kf2 Rc8 29. Ra7 c5 30. bxc5 Nxc5 31. Ke3 h5 32. Kd4 Ne6+ 33. Ke5 Rc2 34.
Rxa6 Kg7 35. Ra8 Rxh2 36. a6 Rb2 37. Rb8 Nc5 38. Kd5 1-0

[Event "Dinamarca ch 2007"]
[Site "Aalborg DEN"]
[Date "2007.04.05"]
[Round "6.9"]
[White "Lund, Esben"]
[Black "Bromann, Thorbjorn"]
[Result "0-1"]
[WhiteElo "2309"]
[BlackElo "2399"]
[PlyCount "42"]
[EventDate "2007.03.31"]
[EventType "swiss"]
[EventRounds "9"]
[EventCountry "DEN"]
[Source "lmi"]
[SourceDate "2007.03.31"]

1. d4 b6 2. e4 Bb7 3. Bd3 e6 4. Qe2 d6 5. f4 c5 6. d5 exd5 7. exd5+ Ne7 8. c4
g6 9. Nh3 Bg7 10. O-O b5 11. f5 bxc4 12. Bxc4 Be5 13. Nc3 Nxf5 14. Rxf5 gxf5
15. Bg5 f6 16. Bh6 Qd7 17. Qh5+ Kd8 18. Re1 Ba6 19. Nb5 Qe8 20. Qxf5 Bxb5 21.
Bxb5 Bd4+ 0-1

[Event "Dinamarca ch 2007"]
[Site "Aalborg DEN"]
[Date "2007.04.05"]
[Round "6.10"]
[White "Sahl, Bjarke"]
[Black "Matthiesen, Martin"]
[Result "1/2-1/2"]
[WhiteElo "2381"]
[BlackElo "2365"]
[PlyCount "79"]
[EventDate "2007.03.31"]
[EventType "swiss"]
[EventRounds "9"]
[EventCountry "DEN"]
[Source "lmi"]
[SourceDate "2007.03.31"]

1. e4 c5 2. Nf3 Nc6 3. d4 cxd4 4. Nxd4 Nf6 5. Nc3 e5 6. Ndb5 d6 7. Bg5 a6 8.
Na3 b5 9. Nd5 Be7 10. Nxe7 Nxe7 11. f3 d5 12. exd5 Nfxd5 13. Qd2 f6 14. Bh4 O-O
15. Bf2 b4 16. Nc4 Be6 17. Ne3 Qc7 18. Nxd5 Nxd5 19. Bd3 Nf4 20. O-O Nxd3 21.
cxd3 a5 22. a3 bxa3 23. Rxa3 a4 24. Rc3 Qd7 25. f4 exf4 26. Bc5 Rfe8 27. Rxf4
Bd5 28. h3 Qe6 29. Rg4 Qe1+ 30. Qxe1 Rxe1+ 31. Kh2 Re2 32. Bd4 h5 33. Rg6 Rd8
34. Rc7 Rxg2+ 35. Rxg2 Bxg2 36. Bxf6 gxf6 37. Kxg2 Rxd3 38. Rc4 a3 39. bxa3
Rxa3 40. Rc5 1/2-1/2

[Event "Dinamarca ch 2007"]
[Site "Aalborg DEN"]
[Date "2007.04.05"]
[Round "6.11"]
[White "Jakobsen, Ole"]
[Black "Brautsch, Soren"]
[Result "1-0"]
[WhiteElo "2379"]
[BlackElo "2295"]
[PlyCount "115"]
[EventDate "2007.03.31"]
[EventType "swiss"]
[EventRounds "9"]
[EventCountry "DEN"]
[Source "lmi"]
[SourceDate "2007.03.31"]

1. d4 d5 2. Nf3 Nc6 3. c4 Bg4 4. Nc3 e6 5. cxd5 exd5 6. Bf4 Bb4 7. e3 Nge7 8.
h3 Bh5 9. Be2 O-O 10. Rc1 Bd6 11. Bxd6 Qxd6 12. O-O a6 13. Na4 Nd8 14. Nc5 c6
15. Qb3 Rb8 16. Rfe1 Bxf3 17. Bxf3 Ne6 18. Qc2 Nxc5 19. Qxc5 Qxc5 20. Rxc5 Rfd8
21. b4 Nc8 22. a4 Nd6 23. Rec1 Kf8 24. Be2 Ke7 25. b5 axb5 26. axb5 Nxb5 27.
Bxb5 cxb5 28. Rxb5 Rd7 29. Rcb1 f6 30. g4 Kf7 31. Kg2 Ke6 32. f4 g6 33. Kf3 Kf7
34. R1b3 Kg7 35. Rb6 Kf7 36. h4 Kg7 37. R3b5 Kf7 38. f5 Kg7 39. Kf4 Kf7 40. Kf3
Kg7 41. Kf4 gxf5 42. gxf5 Re7 43. Rxd5 Rbe8 44. Re6 Rxe6 45. fxe6 Rxe6 46. Rd7+
Kg6 47. Rxb7 f5 48. h5+ Kf6 49. Rxh7 Re4+ 50. Kf3 Rh4 51. h6 Rh3+ 52. Kf4 Rh4+
53. Kg3 Re4 54. Kf3 Kg6 55. Rh8 Rh4 56. h7 Kg7 57. Rg8+ Kxh7 58. Rg5 1-0

[Event "Dinamarca ch 2007"]
[Site "Aalborg DEN"]
[Date "2007.04.06"]
[Round "7.1"]
[White "Matthiesen, Martin"]
[Black "Schandorff, Lars"]
[Result "0-1"]
[WhiteElo "2365"]
[BlackElo "2536"]
[PlyCount "81"]
[EventDate "2007.03.31"]
[EventType "swiss"]
[EventRounds "9"]
[EventCountry "DEN"]
[Source "lmi"]
[SourceDate "2007.03.31"]

1. e4 e5 2. Nf3 Nc6 3. Bb5 a6 4. Ba4 Nf6 5. O-O Be7 6. Re1 b5 7. Bb3 d6 8. c3
O-O 9. h3 Na5 10. Bc2 c5 11. d4 Nd7 12. Nbd2 exd4 13. cxd4 Nc6 14. d5 Nce5 15.
Nxe5 Nxe5 16. f4 Ng6 17. Nf3 Bh4 18. Rf1 Bg3 19. f5 Ne5 20. Ng5 h6 21. f6 hxg5
22. Bxg5 g6 23. Qe2 Nc4 24. Rf3 Be5 25. Qe1 Re8 26. Qh4 Bd4+ 27. Kh1 Re5 28.
Raf1 Rxg5 29. Qxg5 Ne5 30. Rg3 Kf8 31. Qh6+ Ke8 32. Qg7 Kd7 33. Rxg6 Kc7 34. b3
Nxg6 35. Qxf7+ Bd7 36. Qxg6 Qh8 37. e5 Bxe5 38. Qf7 Rf8 39. Qe7 Bxf6 40. Qe1
Bxh3 41. Qd1 0-1

[Event "Dinamarca ch 2007"]
[Site "Aalborg DEN"]
[Date "2007.04.06"]
[Round "7.2"]
[White "Rasmussen, Allan Stig"]
[Black "Glud, Jakob Vang"]
[Result "1-0"]
[WhiteElo "2389"]
[BlackElo "2425"]
[PlyCount "59"]
[EventDate "2007.03.31"]
[EventType "swiss"]
[EventRounds "9"]
[EventCountry "DEN"]
[Source "lmi"]
[SourceDate "2007.03.31"]

1. e4 c5 2. Nf3 e6 3. d4 cxd4 4. Nxd4 a6 5. Bd3 Bc5 6. Nb3 Be7 7. Qg4 g6 8. Qe2
d6 9. O-O Nd7 10. Na3 b6 11. Nc4 Bb7 12. a4 Qc7 13. a5 b5 14. Nb6 Rd8 15. c4
bxc4 16. Bxc4 Ngf6 17. Bh6 Nxb6 18. axb6 Qxb6 19. Na5 Bc8 20. Be3 Qc7 21. Rfc1
O-O 22. Bxe6 Qxc1+ 23. Rxc1 fxe6 24. Nc6 Rde8 25. Bh6 Rf7 26. e5 Nd5 27. Nxe7+
Nxe7 28. exd6 Nf5 29. Bf4 Nd4 30. Qe5 1-0

[Event "Dinamarca ch 2007"]
[Site "Aalborg DEN"]
[Date "2007.04.06"]
[Round "7.3"]
[White "Pilgaard, Kim"]
[Black "Hoi, Carsten"]
[Result "1/2-1/2"]
[WhiteElo "2412"]
[BlackElo "2418"]
[PlyCount "38"]
[EventDate "2007.03.31"]
[EventType "swiss"]
[EventRounds "9"]
[EventCountry "DEN"]
[Source "lmi"]
[SourceDate "2007.03.31"]

1. e4 g6 2. d4 Bg7 3. Nc3 c6 4. f4 d5 5. e5 h5 6. Bd3 Nh6 7. Nf3 Bg4 8. Be3 e6
9. h3 Bxf3 10. Qxf3 h4 11. O-O Nf5 12. Bf2 Nd7 13. Ne2 Qc7 14. b3 O-O-O 15. c4
dxc4 16. bxc4 f6 17. Rab1 fxe5 18. dxe5 Bf8 19. Rfd1 Bc5 1/2-1/2

[Event "Dinamarca ch 2007"]
[Site "Aalborg DEN"]
[Date "2007.04.06"]
[Round "7.4"]
[White "Hansen, Lars Bo"]
[Black "Kristiansen, Jens"]
[Result "1-0"]
[WhiteElo "2575"]
[BlackElo "2429"]
[PlyCount "31"]
[EventDate "2007.03.31"]
[EventType "swiss"]
[EventRounds "9"]
[EventCountry "DEN"]
[Source "lmi"]
[SourceDate "2007.03.31"]

1. Nf3 f5 2. g3 Nf6 3. Bg2 g6 4. d4 Bg7 5. O-O O-O 6. c4 d6 7. Nc3 c6 8. d5 Ne4
9. Nxe4 fxe4 10. Ng5 Na6 11. Be3 Nc5 12. Rb1 a5 13. dxc6 Kh8 14. Ne6 Bf6 15.
Nf4 Re8 16. Nd5 1-0

[Event "Dinamarca ch 2007"]
[Site "Aalborg DEN"]
[Date "2007.04.06"]
[Round "7.6"]
[White "Bromann, Thorbjorn"]
[Black "Pedersen, Steffen"]
[Result "1/2-1/2"]
[WhiteElo "2399"]
[BlackElo "2439"]
[PlyCount "76"]
[EventDate "2007.03.31"]
[EventType "swiss"]
[EventRounds "9"]
[EventCountry "DEN"]
[Source "lmi"]
[SourceDate "2007.03.31"]

1. e4 c5 2. Nf3 Nc6 3. d4 cxd4 4. Nxd4 Nf6 5. Nc3 d6 6. Bg5 Bd7 7. Qd2 Rc8 8.
Nb3 e6 9. f3 a6 10. a4 h6 11. Be3 Be7 12. a5 O-O 13. Bb6 Qe8 14. Be2 Ne5 15.
Qd4 Bc6 16. O-O Ned7 17. Ba7 Ra8 18. Rfd1 d5 19. exd5 Nxd5 20. Nxd5 exd5 21.
Qf2 Bd6 22. Bd4 Qb8 23. g3 Qd8 24. c3 Re8 25. Nd2 Qe7 26. Bf1 Qf8 27. Re1 Rxe1
28. Rxe1 Re8 29. Rxe8 Qxe8 30. Qe3 Qd8 31. b4 Nf8 32. Nb3 Ne6 33. Bb6 Qf6 34.
Nd4 Bd7 35. Bg2 Nxd4 36. Bxd4 Qf5 37. Bf1 Qb1 38. Kf2 Qc2+ 1/2-1/2

[Event "Dinamarca ch 2007"]
[Site "Aalborg DEN"]
[Date "2007.04.06"]
[Round "7.9"]
[White "Jaksland, Tim"]
[Black "Jacobsen, Bo"]
[Result "1-0"]
[WhiteElo "2297"]
[BlackElo "2301"]
[PlyCount "41"]
[EventDate "2007.03.31"]
[EventType "swiss"]
[EventRounds "9"]
[EventCountry "DEN"]
[Source "lmi"]
[SourceDate "2007.03.31"]

1. e4 g6 2. d4 Bg7 3. Nc3 c6 4. Bc4 b5 5. Bb3 a5 6. a3 Ba6 7. Qf3 e6 8. e5 f5
9. h4 Ra7 10. h5 c5 11. hxg6 h6 12. dxc5 Nc6 13. Bxe6 Qe7 14. Bf7+ Kd8 15. Be3
b4 16. axb4 Qxe5 17. Nge2 axb4 18. Rd1 bxc3 19. Qxc6 cxb2 20. Qb6+ Qc7 21.
Rxd7+ 1-0

[Event "Dinamarca ch 2007"]
[Site "Aalborg DEN"]
[Date "2007.04.06"]
[Round "7.10"]
[White "Damm, Kasper Wilken"]
[Black "Lund, Esben"]
[Result "0-1"]
[WhiteElo "2270"]
[BlackElo "2309"]
[PlyCount "60"]
[EventDate "2007.03.31"]
[EventType "swiss"]
[EventRounds "9"]
[EventCountry "DEN"]
[Source "lmi"]
[SourceDate "2007.03.31"]

1. c4 Nf6 2. g3 c6 3. Bg2 d5 4. cxd5 cxd5 5. Nf3 Nc6 6. O-O e5 7. d3 Be7 8. a3
a5 9. b3 O-O 10. Bb2 d4 11. Nbd2 Nd5 12. Rc1 f6 13. Ne4 Be6 14. Nc5 Bxc5 15.
Rxc5 Qd6 16. Rc1 Nc3 17. Bxc3 dxc3 18. Rxc3 Qxa3 19. Qa1 Qb4 20. Rfc1 Bxb3 21.
Nd2 Bf7 22. Rb1 Qe7 23. Ra3 Ra6 24. Bxc6 Rxc6 25. Rxa5 Rc2 26. Ne4 Rxe2 27.
Rab5 Qd8 28. Nc5 Qd5 29. Nxb7 Qf3 30. Qa7 Be6 0-1

[Event "Dinamarca ch 2007"]
[Site "Aalborg DEN"]
[Date "2007.04.06"]
[Round "7.11"]
[White "Rasmussen, Casper"]
[Black "Sahl, Bjarke"]
[Result "1-0"]
[WhiteElo "2327"]
[BlackElo "2381"]
[PlyCount "111"]
[EventDate "2007.03.31"]
[EventType "swiss"]
[EventRounds "9"]
[EventCountry "DEN"]
[Source "lmi"]
[SourceDate "2007.03.31"]

1. Nf3 c5 2. c4 Nc6 3. Nc3 g6 4. d4 cxd4 5. Nxd4 Bg7 6. Nb3 d6 7. g3 Be6 8. Nd5
Ne5 9. Nd2 Qa5 10. b4 Qd8 11. Rb1 b5 12. Bb2 Rc8 13. e4 Nf6 14. Bxe5 dxe5 15.
Nxf6+ exf6 16. c5 O-O 17. Qc2 a5 18. a3 axb4 19. axb4 f5 20. Bxb5 Bh6 21. Nc4
Rb8 22. Ba6 Ra8 23. Bb5 Qc7 24. O-O Rfb8 25. Nd6 Bf8 26. exf5 gxf5 27. Qd2 Qd8
28. Bc6 Ra2 29. Rb2 Rxb2 30. Qxb2 Qc7 31. Ne8 Qxc6 32. Nf6+ Kg7 33. Qxe5 Rd8
34. Nh5+ Kg8 35. Nf6+ Kg7 36. Nh5+ Kh6 37. Qf6+ Kxh5 38. Qxd8 Bh6 39. Qd1+ Kg6
40. Qd4 Bg7 41. Qd3 Bf8 42. Rc1 Bd7 43. b5 Qxb5 44. Qxb5 Bxb5 45. c6 Bd6 46. c7
Bxc7 47. Rxc7 Ba4 48. f3 Bb3 49. Kf2 Be6 50. Ke3 Kg5 51. h4+ Kf6 52. Kf4 h6 53.
h5 Bd5 54. Rc5 Be6 55. Rc6 Ke7 56. Ke5 1-0

[Event "Dinamarca ch 2007"]
[Site "Aalborg DEN"]
[Date "2007.04.06"]
[Round "7.12"]
[White "Brautsch, Soren"]
[Black "Kristensen, Kaare"]
[Result "1/2-1/2"]
[WhiteElo "2295"]
[BlackElo "2316"]
[PlyCount "103"]
[EventDate "2007.03.31"]
[EventType "swiss"]
[EventRounds "9"]
[EventCountry "DEN"]
[Source "lmi"]
[SourceDate "2007.03.31"]

1. d4 Nf6 2. Nf3 d5 3. e3 Nc6 4. c3 Bg4 5. Qb3 Rb8 6. Nbd2 e6 7. Qa4 Bxf3 8.
Nxf3 Bd6 9. Bb5 O-O 10. Bxc6 bxc6 11. Qxc6 Ne4 12. O-O Qf6 13. Qa6 Qh6 14. Qe2
Qh5 15. Re1 f6 16. g3 g5 17. Nd2 Qh3 18. Nxe4 dxe4 19. b3 h5 20. f4 exf3 21.
Qxf3 h4 22. Qg2 Qg4 23. gxh4 Bxh2+ 24. Kh1 Bg3 25. Kg1 f5 26. Rf1 gxh4 27. Kh1
Kh7 28. Bd2 h3 29. Qf3 Bd6 30. e4 Rg8 31. Qxg4 fxg4 32. e5 Be7 33. Rf7+ Rg7 34.
Rxg7+ Kxg7 35. Rg1 Kg6 36. Rxg4+ Kh5 37. Rg3 Bh4 38. Rxh3 Kg4 39. Re3 Rf8 40.
Re4+ Kh3 41. Rf4 Rxf4 42. Bxf4 Kg4 43. Bc1 Kf3 44. Ba3 c6 45. Bc5 a6 46. c4 Ke4
47. b4 Kd3 48. d5 exd5 49. cxd5 cxd5 50. Kg2 d4 51. Kf3 Kc4 52. e6 1/2-1/2

[Event "Dinamarca ch 2007"]
[Site "Aalborg DEN"]
[Date "2007.04.07"]
[Round "8.1"]
[White "Pilgaard, Kim"]
[Black "Hansen, Sune Berg"]
[Result "0-1"]
[WhiteElo "2412"]
[BlackElo "2560"]
[PlyCount "66"]
[EventDate "2007.03.31"]
[EventType "swiss"]
[EventRounds "9"]
[EventCountry "DEN"]
[Source "lmi"]
[SourceDate "2007.03.31"]

1. e4 e5 2. Nf3 Nc6 3. Bc4 Bc5 4. c3 Nf6 5. d3 a6 6. O-O Ba7 7. Bb3 O-O 8. Nbd2
d6 9. Re1 Ng4 10. Re2 Kh8 11. h3 Nh6 12. Nf1 f5 13. Ng5 f4 14. Nf3 g5 15. d4
Qf6 16. Bd5 Ne7 17. b4 Ng6 18. Bb2 g4 19. hxg4 Nxg4 20. Qd3 Rb8 21. Rd2 Bd7 22.
a4 Nh4 23. Bb3 Nxf3+ 24. Qxf3 Rbe8 25. Qd1 Qg5 26. Rd3 Re7 27. f3 Nf6 28. Bc1
Rg7 29. Ra2 Qh4 30. Re2 Nh5 31. Bd2 Rf6 32. Be1 Ng3 33. Bxg3 fxg3 0-1

[Event "Dinamarca ch 2007"]
[Site "Aalborg DEN"]
[Date "2007.04.07"]
[Round "8.2"]
[White "Rasmussen, Casper"]
[Black "Bromann, Thorbjorn"]
[Result "0-1"]
[WhiteElo "2327"]
[BlackElo "2399"]
[PlyCount "46"]
[EventDate "2007.03.31"]
[EventType "swiss"]
[EventRounds "9"]
[EventCountry "DEN"]
[Source "lmi"]
[SourceDate "2007.03.31"]

1. d4 b6 2. Nf3 Bb7 3. c4 e6 4. a3 f5 5. g3 Nf6 6. Bg2 Be7 7. O-O O-O 8. Nc3
Ne4 9. Qc2 Bf6 10. Ne5 Nd6 11. Bxb7 Nxb7 12. e4 c5 13. Be3 f4 14. gxf4 cxd4 15.
Bxd4 Bxe5 16. fxe5 Nc6 17. Be3 Rf3 18. Kh1 Qh4 19. Rg1 Rh3 20. f3 Nxe5 21. Qg2
g6 22. Raf1 Rf8 23. f4 Ng4 0-1

[Event "Dinamarca ch 2007"]
[Site "Aalborg DEN"]
[Date "2007.04.07"]
[Round "8.3"]
[White "Schandorff, Lars"]
[Black "Rasmussen, Allan Stig"]
[Result "1-0"]
[WhiteElo "2536"]
[BlackElo "2389"]
[PlyCount "127"]
[EventDate "2007.03.31"]
[EventType "swiss"]
[EventRounds "9"]
[EventCountry "DEN"]
[Source "lmi"]
[SourceDate "2007.03.31"]

1. d4 d5 2. c4 dxc4 3. Nf3 Nf6 4. e3 e6 5. Bxc4 c5 6. O-O a6 7. Bb3 Nbd7 8. e4
Nxe4 9. Re1 Nef6 10. d5 Nb6 11. dxe6 Bxe6 12. Bxe6 Qxd1 13. Bxf7+ Kxf7 14. Rxd1
Nbd5 15. Ne5+ Ke6 16. Re1 Kf5 17. h3 h5 18. Nd2 Be7 19. Ndf3 Rhe8 20. Bd2 Ke6
21. Rac1 Rac8 22. Ba5 Bd6 23. b4 b6 24. Bxb6 Nxb4 25. Nc4+ Kd7 26. Red1 Nbd5
27. Ba5 Kc6 28. Rc2 Bc7 29. Rdc1 Bf4 30. Bd2 Kc7 31. Ne3 Kb6 32. Nc4+ Kc7 33.
Rb1 Bxd2 34. Ncxd2 Nd7 35. a3 Rb8 36. Rd1 Nf4 37. Kf1 Re6 38. Nc4 Rb3 39. Ng5
Re7 40. g3 Ng6 41. Rd6 Nge5 42. Ne6+ Kb8 43. Nxe5 Nxe5 44. Nxc5 Rxa3 45. Nxa6+
Ka7 46. Nb4 Ra4 47. Nc6+ Nxc6 48. Rdxc6 Kb7 49. R6c5 g6 50. Rb2+ Ka7 51. Rc6
Ra6 52. Rxa6+ Kxa6 53. Re2 Rg7 54. Kg2 Kb6 55. Re5 Kc6 56. f4 Kd6 57. Kf3 Rf7
58. Ke4 Rf6 59. f5 g5 60. Ra5 Kd7 61. Ra7+ Ke8 62. Ke5 Rb6 63. f6 Rb3 64. Ke6
1-0

[Event "Dinamarca ch 2007"]
[Site "Aalborg DEN"]
[Date "2007.04.07"]
[Round "8.4"]
[White "Hoi, Carsten"]
[Black "Rasmussen, Karsten"]
[Result "0-1"]
[WhiteElo "2418"]
[BlackElo "2462"]
[PlyCount "114"]
[EventDate "2007.03.31"]
[EventType "swiss"]
[EventRounds "9"]
[EventCountry "DEN"]
[Source "lmi"]
[SourceDate "2007.03.31"]

1. d4 d5 2. Nf3 Nf6 3. c4 e6 4. Nc3 Bb4 5. e3 O-O 6. Bd3 c5 7. O-O cxd4 8. exd4
dxc4 9. Bxc4 a6 10. Bg5 b5 11. Bb3 Bb7 12. Qd3 Nbd7 13. Rfd1 Bxc3 14. bxc3 Qc7
15. Rac1 h6 16. Bh4 Qf4 17. Bg3 Qe4 18. Qf1 Nh5 19. Bc2 Qg4 20. Qd3 f5 21. h3
Qg6 22. Qe2 Nxg3 23. fxg3 Bd5 24. Kh2 Qh5 25. Re1 Nf6 26. a4 Ne4 27. Bxe4 Bxe4
28. g4 fxg4 29. Ne5 Bf3 30. Qe3 Bd5 31. Nxg4 Qg6 32. Qg3 Rf5 33. Re5 Rxe5 34.
Nxe5 Qxg3+ 35. Kxg3 bxa4 36. c4 Rc8 37. Rc3 Be4 38. Kf2 Rb8 39. c5 Rb3 40. Rc4
a3 41. c6 a2 42. Ra4 Rb2+ 43. Ke3 Bd5 44. c7 Rc2 45. Nc4 Rc3+ 46. Kd2 Rxc4 47.
Rxc4 a1=Q 48. c8=Q+ Kh7 49. Rb4 Qa2+ 50. Qc2+ Qxc2+ 51. Kxc2 Bxg2 52. h4 Kg6
53. Rb6 Bd5 54. Rxa6 Kh5 55. Ra7 g6 56. Rh7 g5 57. Rh8 gxh4 0-1

[Event "Dinamarca ch 2007"]
[Site "Aalborg DEN"]
[Date "2007.04.07"]
[Round "8.5"]
[White "Glud, Jakob Vang"]
[Black "Kristiansen, Jens"]
[Result "0-1"]
[WhiteElo "2425"]
[BlackElo "2429"]
[PlyCount "85"]
[EventDate "2007.03.31"]
[EventType "swiss"]
[EventRounds "9"]
[EventCountry "DEN"]
[Source "lmi"]
[SourceDate "2007.03.31"]

1. c4 e5 2. g3 d6 3. Bg2 f5 4. Nc3 Nf6 5. d3 g6 6. e4 Bg7 7. Nge2 O-O 8. exf5
gxf5 9. O-O c6 10. d4 Na6 11. b3 e4 12. Bg5 Nc7 13. d5 cxd5 14. cxd5 Qe8 15.
Rc1 Nb5 16. Bf4 Nxc3 17. Nxc3 Qd8 18. f3 Qb6+ 19. Kh1 exf3 20. Qxf3 Ng4 21. Na4
Qd8 22. Rc2 Ne5 23. Qh5 Bd7 24. Nb2 Rc8 25. Rxc8 Qxc8 26. Rc1 Qd8 27. Bg5 Qa5
28. Nc4 Nxc4 29. bxc4 Re8 30. Rf1 Re1 31. Bf4 b5 32. Bxd6 bxc4 33. Qf3 Rxf1+
34. Bxf1 c3 35. Bf4 Qxa2 36. d6 Qb1 37. Qa8+ Kf7 38. Qd5+ Be6 39. Qf3 c2 40. d7
Bxd7 41. Qd3 Bc6+ 42. Kg1 Qb6+ 43. Be3 0-1

[Event "Dinamarca ch 2007"]
[Site "Aalborg DEN"]
[Date "2007.04.07"]
[Round "8.7"]
[White "Damm, Kasper Wilken"]
[Black "Matthiesen, Martin"]
[Result "0-1"]
[WhiteElo "2270"]
[BlackElo "2365"]
[PlyCount "74"]
[EventDate "2007.03.31"]
[EventType "swiss"]
[EventRounds "9"]
[EventCountry "DEN"]
[Source "lmi"]
[SourceDate "2007.03.31"]

1. c4 g6 2. Nc3 Bg7 3. e4 d6 4. Nf3 Nf6 5. d4 O-O 6. h3 e5 7. d5 Na6 8. Be3 Nc5
9. Nd2 a5 10. a3 Nh5 11. b4 axb4 12. axb4 Rxa1 13. Qxa1 Na6 14. Qa3 f5 15. Nf3
Nf6 16. Bd3 Nh5 17. Qb3 Nf4 18. Bf1 Nb8 19. Bc1 Nd7 20. g3 Nh5 21. Ng5 Ndf6 22.
Bg2 f4 23. g4 Nxg4 24. Ne6 Bxe6 25. dxe6 Nxf2 26. Nd5 Qh4 27. O-O f3 28. Rxf2
fxg2 29. Rxf8+ Bxf8 30. c5 Qe1+ 31. Kxg2 Qxc1 32. e7 Bxe7 33. Nxe7+ Kf8 34.
Qg8+ Kxe7 35. cxd6+ cxd6 36. Qxh7+ Kf6 37. Qh8+ Kf7 0-1

[Event "Dinamarca ch 2007"]
[Site "Aalborg DEN"]
[Date "2007.04.07"]
[Round "8.8"]
[White "Lund, Esben"]
[Black "Sahl, Bjarke"]
[Result "0-1"]
[WhiteElo "2309"]
[BlackElo "2381"]
[PlyCount "62"]
[EventDate "2007.03.31"]
[EventType "swiss"]
[EventRounds "9"]
[EventCountry "DEN"]
[Source "lmi"]
[SourceDate "2007.03.31"]

1. d4 Nf6 2. c4 e6 3. Nc3 Bb4 4. e3 b6 5. Bd3 Bb7 6. Nge2 O-O 7. O-O d5 8. cxd5
exd5 9. a3 Bd6 10. b4 a6 11. Ng3 Re8 12. f3 c5 13. bxc5 bxc5 14. Nf5 Bf8 15.
Rb1 Bc8 16. Na4 g6 17. Ng3 cxd4 18. exd4 Nc6 19. Rb6 Bd7 20. Bb2 Na5 21. Rxa6
Rb8 22. Bc3 Nc4 23. Bxc4 dxc4 24. Nc5 Nd5 25. Ba5 Qc8 26. Nxd7 Qxd7 27. Ne4
Rxe4 28. fxe4 Ne3 29. Qd2 Nxf1 30. Kxf1 Rb1+ 31. Kf2 Qb7 0-1

[Event "Dinamarca ch 2007"]
[Site "Aalborg DEN"]
[Date "2007.04.07"]
[Round "8.10"]
[White "Kristensen, Kaare"]
[Black "Brinck-Claussen, Bjorn"]
[Result "1-0"]
[WhiteElo "2316"]
[BlackElo "2346"]
[PlyCount "89"]
[EventDate "2007.03.31"]
[EventType "swiss"]
[EventRounds "9"]
[EventCountry "DEN"]
[Source "lmi"]
[SourceDate "2007.03.31"]

1. e4 e6 2. d4 d5 3. Nc3 Bb4 4. e5 c5 5. Bd2 Ne7 6. Nb5 Bxd2+ 7. Qxd2 O-O 8. f4
Nbc6 9. Nf3 Nf5 10. Bd3 Nfxd4 11. Nbxd4 Nxd4 12. Nxd4 cxd4 13. O-O-O Bd7 14.
Kb1 Qb6 15. g4 f6 16. exf6 Rxf6 17. g5 Rff8 18. Qe2 Rxf4 19. Qh5 g6 20. Bxg6
hxg6 21. Qxg6+ Kf8 22. Rhf1 Rf5 23. Qh7 Be8 24. g6 Bxg6 25. Qxg6 Rxf1 26. Rxf1+
Ke7 27. Qf7+ Kd6 28. Re1 e5 29. Qf6+ Kc5 30. Qxe5 Rg8 31. Rd1 d3 32. Qe3+ Kd6
33. Qxd3 Qc5 34. a3 Rg1 35. h4 Rxd1+ 36. Qxd1 Qc4 37. h5 Qh4 38. Qf3 a5 39.
Qf8+ Kc6 40. Qc8+ Kb6 41. Qe6+ Kc5 42. h6 a4 43. Qg6 d4 44. Qf5+ Kc6 45. h7 1-0